| 000 | 00762nam a2200217 a 4500 | ||
|---|---|---|---|
| 001 | 21901 | ||
| 003 | CO-ViMGA | ||
| 008 | 141112s2004 ck r 000 u spa d | ||
| 020 | _a9589723306 | ||
| 040 |
_aCO-ViMGA _bspa _cCO-ViMGA |
||
| 082 | 0 | 4 | _a628 B646e |
| 110 |
_aBogotá (Colombia)Alcaldía Mayor _931307 |
||
| 245 | 1 | 0 |
_aEsto no es basura : _bRecicleje y separación de basuras en Bogotá |
| 260 |
_aBogotá : _bAlcaldía Mayor, _c2003 |
||
| 300 | _a48 | ||
| 590 | _aForma de adquisición : Donación - - Precio : 5000 - - Fecha de adquisición : Julio 2007 | ||
| 650 | 1 | 4 |
_aAPROVECHAMIENTO DE BASURAS (COLOMBIA) _931308 |
| 650 | 1 | 4 |
_aBASURAS Y APROVECHAMNIENTO DE BASURAS _931309 |
| 650 | 1 | 4 |
_aCONVERSION DE RESIDUOS - COLOMBIA _931310 |
| 942 |
_2ddc _cBK |
||
| 999 |
_c30444 _d30444 |
||